| 000 | 01102nam a2200241 i 4500 | ||
|---|---|---|---|
| 001 | 153258 | ||
| 003 | ES-MaACL | ||
| 005 | 20250829063127.0 | ||
| 008 | 021008s1785 fr |||| |dfre d | ||
| 100 | 1 |
_aCook, James, _d1728-1779 _9126569 |
|
| 245 | 1 | 0 |
_aTroisième voyage de Cook, ou Voyage a l'Océan Pacifique _b: ordonné par le Roi d'Angleterre, pour faire des Déconvertes dans l'Hémisphere Nord ... / _ctraduit de l'anglois par M.D.*** ; tome premier. |
| 260 |
_aA Paris : _bHôtel de Thou, rue des Poitevins, _c1785. |
||
| 300 |
_a1 v. ([4], 120, 512 p.) ; _c21 cm. |
||
| 530 | _aDisponible en formato digital. | ||
| 594 | _aSegún Brunnet, II, p. 255, el trad. es Démennier. | ||
| 596 | _aCharles Joseph Panckoucke trabajó en el Hôtel de Thou. | ||
| 597 | _aSign.: [ ]2, a-g8, h4, A-I8. | ||
| 597 | _aAntep. | ||
| 650 | 4 |
_aViajes alrededor del mundo- _yS.XVIII. _9159809 |
|
| 852 |
_aES-MaACL _jR-2104 _z- Enc. pasta española con filetes dorados _x- Olim: G-270. |
||
| 856 |
_uhttps://archive.org/details/cihm_17690 _zInternet Archive |
||
| 999 |
_c153258 _d153258 |
||